| 000 | 00562nam a2200181Ia 4500 | ||
|---|---|---|---|
| 008 | 131103s9999 xx 000 0 und d | ||
| 040 | _aLoreto College | ||
| 041 | _aEnglish | ||
| 082 |
_a891.44/DAS-BHA _bLCLIB/BnSem/34024 |
||
| 100 | _aBhattacharya, Topodhir | ||
| 245 |
_aAdhunikata, Jeevananda o paeabastab _cTopodhir Bhattacharya and Swapna Bhattacharya |
||
| 260 |
_aCalcutta _bNabark _c1987 |
||
| 300 |
_a202p _c 22cm |
||
| 650 | _aDas, Jeevananda | ||
| 651 | _aBengali Poetry - History and Criticism | ||
| 700 | _aBhattacharya, Swapna | ||
| 942 | _cBK | ||
| 999 |
_c20024 _d70503 |
||